| 000 | 00848cam a2200265 a 4500 | ||
|---|---|---|---|
| 001 | 000005491 | ||
| 005 | 20200929151706.0 | ||
| 008 | 950726s1998 sp a b 001 1 spa | ||
| 020 | _a8437613213 | ||
| 040 |
_aDO-SdBNP _cDLC _dDLC |
||
| 082 |
_aPe863.4 _bA694r, 1998 |
||
| 100 | 1 |
_aArguedas, José María, _d1911-1969 _915571 |
|
| 245 | 1 | 4 |
_aLos ríos profundos / _cJosé María Arguedas ; edición, Ricardo González Vigil. |
| 250 | _a2a ed. | ||
| 260 |
_aMadrid : _bCátedra, _c1998. |
||
| 300 |
_a462 p. : _bil. ; _c18 cm. |
||
| 490 | 1 |
_aLetras hispánicas _v392 |
|
| 504 | _aBibliográficas: p. 113-133. | ||
| 650 | 4 |
_aNovela peruana _912569 |
|
| 650 | 4 |
_aLiteratura peruana _93140 |
|
| 700 | 1 |
_aGonzález Vigil, Ricardo, _eed. _915572 |
|
| 830 | 0 |
_aLetras hispánicas ; _v392 _94208 |
|
| 910 | _aCatalogación por copia / LC | ||
| 910 | _aWM | ||
| 999 |
_c5290 _d5290 |
||